000 00800nam a22002651 4500
001 21171
003 BD-RjUL
005 20211209000645.0
008 140303s1957 enk 000 0 eng c
035 _a(BD-RjUL)21235
035 _a(OCoLC)345790
040 _aRochester. Univ. Libr.
_cODaWU
_dOCoLC
_dUk
_dDLC
_dBD-RjUL
_beng
041 _aeng
082 _a808.1
_bLEP 1957
100 2 _aLewis, C. Day
_q(Cecil),
_d1904-1972.
_965426
245 1 4 _aThe poet's way of knowledge /
_cC Day Lewis
260 _aCambridge [Eng.] :
_bUniversity Press,
_c1957.
300 _a32 p. ;
_c19 cm.
650 0 _aPoetry.
_965428
650 0 _aLiterature and science.
_953108
942 _2ddc
_cBK
999 _c21171
_d21171